[Event "Bad Woerishofen op"]
[Site "?"]
[Date "2000.??.??"]
[Round "9"]
[White "Jacob, Konrad"]
[Black "Neumann, Peter"]
[Result "1/2-1/2"]
[WhiteElo "2051"]
[BlackElo "1748"]
[PlyCount "52"]
[EventDate "2000.??.??"]

1. e4 c6 2. d4 d5 3. e5 Bf5 4. g4 Bg6 5. h4 h5 6. g5 e6 7. Bd3 Ne7 8. Bxg6 Nxg6
9. Ne2 Qb6 10. Ng3 c5 11. c3 Nc6 12. Ne2 cxd4 13. cxd4 Bb4+ 14. Nbc3 Bxc3+ 15.
bxc3 Rc8 16. Ba3 Qa5 17. Qb3 Qa6 18. Rb1 b6 19. Rh3 Nce7 20. Bxe7 Nxe7 21. Nf4
Qc4 22. a4 Qxb3 23. Rxb3 g6 24. Kd2 Nc6 25. Rf3 Na5 26. Rb4 Ke7 1/2-1/2

[Event "Bad Woerishofen op"]
[Site "Bad Woerishofen"]
[Date "2000.??.??"]
[Round "2"]
[White "Jaenig, Reinhard"]
[Black "Ballon, Guenther"]
[Result "0-1"]
[WhiteElo "2097"]
[BlackElo "2240"]
[PlyCount "119"]
[EventDate "1998.03.05"]
[Source "ChessBase"]
[SourceDate "1998.04.29"]

1. e4 e5 2. Nf3 Nc6 3. Bb5 g6 4. O-O Bg7 5. Re1 a6 6. Bf1 d6 7. h3 Nf6 8. c3
O-O 9. d4 h6 10. Na3 Re8 11. Qd3 Bd7 12. Bd2 Na7 13. Rad1 Bc6 14. d5 Bd7 15. c4
Nh7 16. Nc2 f5 17. Qb3 b6 18. exf5 gxf5 19. a4 Nf6 20. a5 Ne4 21. Bb4 Nc5 22.
Qa3 Nc8 23. Bd2 Qf6 24. b4 Ne4 25. Bc1 Ne7 26. Bb2 Ng6 27. axb6 cxb6 28. Qe3
Qd8 29. Ra1 Qc7 30. Rec1 Qb7 31. Bd3 Nf6 32. Nd2 e4 33. Be2 Nxd5 34. cxd5 Bxb2
35. Qxh6 Nf8 36. Qg5+ Kh8 37. Ne3 Nh7 38. Qh6 Rf8 39. Ndc4 Rf6 40. Qf4 Bxc1 41.
Rxc1 Rc8 42. Ra1 Bb5 43. g3 Qc7 44. Kh2 Ra8 45. Rc1 Raf8 46. h4 a5 47. Nd1 Rc8
48. bxa5 bxa5 49. Nde3 Rcf8 50. Ng2 Qa7 51. h5 Bxc4 52. Rxc4 a4 53. Nh4 Rd8 54.
Nxf5 a3 55. Rc1 a2 56. Ra1 Rb8 57. Kg2 Rb1 58. Qxe4 Rxa1 59. Nxd6 Qxf2+ 60. Kh3
0-1

[Event "Bad Woerishofen op"]
[Site "?"]
[Date "2000.??.??"]
[Round "4"]
[White "Jaenig, Reinhard"]
[Black "Meiser, Markus"]
[Result "1-0"]
[WhiteElo "2097"]
[BlackElo "2222"]
[PlyCount "81"]
[EventDate "2000.??.??"]

1. e4 c5 2. Nf3 d6 3. d4 cxd4 4. Nxd4 Nf6 5. Nc3 a6 6. Bg5 e6 7. f4 Be7 8. Qf3
Qc7 9. O-O-O Nc6 10. Nxc6 Qxc6 11. e5 Qxf3 12. gxf3 dxe5 13. fxe5 Nd5 14. Bxe7
Kxe7 15. Nxd5+ exd5 16. Rxd5 Be6 17. Rd6 Rhd8 18. Rb6 Bd5 19. Be2 Rac8 20. Rg1
g6 21. Rd1 Bc6 22. Rxd8 Rxd8 23. Bxa6 Bxf3 24. Bd3 Rd4 25. Rf6 Bc6 26. b3 Rh4
27. Bc4 Be8 28. a4 Rxh2 29. a5 Rh1+ 30. Kd2 Rh5 31. Rb6 Rxe5 32. Rxb7+ Kd6 33.
a6 Ra5 34. b4 Ra1 35. b5 Kc5 36. Bd3 h5 37. a7 g5 38. Rb8 Rxa7 39. Rxe8 Rb7 40.
Re5+ Kd6 41. Rxg5 1-0

[Event "Bad Woerishofen op"]
[Site "?"]
[Date "2000.??.??"]
[Round "6"]
[White "Jaenig, Reinhard"]
[Black "Sislian, Hanno"]
[Result "1/2-1/2"]
[WhiteElo "2097"]
[BlackElo "2250"]
[PlyCount "89"]
[EventDate "2000.??.??"]

1. e4 Nf6 2. e5 Nd5 3. d4 d6 4. c4 Nb6 5. exd6 cxd6 6. Nc3 g6 7. h3 Bg7 8. Nf3
O-O 9. Be2 Nc6 10. O-O Bf5 11. b3 d5 12. c5 Nd7 13. Bb2 Nf6 14. Rc1 Ne4 15.
Nxe4 Bxe4 16. Qd2 Re8 17. Rfd1 Qc7 18. b4 a6 19. a4 e5 20. dxe5 Nxe5 21. Nd4
Nc6 22. f3 Nxd4 23. Bxd4 Bxd4+ 24. Qxd4 Bf5 25. Bf1 Qg3 26. Qf2 Qf4 27. g4 Bd7
28. b5 axb5 29. axb5 Ra3 30. c6 bxc6 31. bxc6 Bc8 32. Bg2 Rae3 33. Re1 Re2 34.
Rxe2 Qxc1+ 35. Kh2 Rxe2 36. Qxe2 Qxc6 37. f4 Qe6 38. Qd2 Bb7 39. Qd4 h6 40. Bf3
Qd6 41. Kg2 f6 42. h4 Qe6 43. Qd3 Kg7 44. Qd4 Kh7 45. Qd3 1/2-1/2

[Event "Bad Woerishofen op"]
[Site "?"]
[Date "2000.??.??"]
[Round "8"]
[White "Jaenig, Reinhard"]
[Black "Krajewski, Wolfgang"]
[Result "1-0"]
[WhiteElo "2097"]
[BlackElo "2255"]
[PlyCount "97"]
[EventDate "2000.??.??"]

1. e4 c6 2. d4 d5 3. exd5 cxd5 4. Bd3 Nc6 5. c3 Nf6 6. h3 e5 7. dxe5 Nxe5 8.
Qe2 Qe7 9. Bb5+ Nc6 10. Bg5 Qxe2+ 11. Nxe2 Ne4 12. Be3 Be6 13. Nd4 Kd7 14. Nd2
Nd6 15. Ba4 a6 16. N2f3 Nc4 17. O-O-O Bd6 18. Rhe1 Rhe8 19. Nxc6 bxc6 20. Nd4
Rac8 21. Kb1 g6 22. Bc1 Nb6 23. Bc2 c5 24. Ne2 Kc6 25. Bf4 Re7 26. Bxd6 Kxd6
27. Nf4 Rce8 28. Re3 g5 29. Nh5 f5 30. Red3 Rf8 31. Ng3 Kc6 32. Re1 f4 33. Nh5
Kd6 34. Rd2 Bf5 35. Rxe7 Kxe7 36. Re2+ Kd6 37. Bxf5 Rxf5 38. Ng7 Rf7 39. Re6+
Kc7 40. Ne8+ Kd7 41. Rxb6 Kxe8 42. Rxa6 Re7 43. a4 Re2 44. a5 Rxf2 45. Rb6 Kd7
46. a6 Kc7 47. Rb7+ Kd6 48. a7 Ke5 49. a8=Q 1-0

[Event "Bad Woerishofen op"]
[Site "?"]
[Date "2000.??.??"]
[Round "9"]
[White "Jaenig, Reinhard"]
[Black "Bintakies, Michael"]
[Result "1/2-1/2"]
[WhiteElo "2097"]
[BlackElo "2198"]
[PlyCount "120"]
[EventDate "2000.??.??"]

1. e4 c6 2. d4 d5 3. exd5 cxd5 4. Bd3 Nc6 5. c3 Nf6 6. h3 g6 7. Nf3 Bg7 8. O-O
O-O 9. Bf4 Bf5 10. Be2 Qb6 11. Qb3 Qxb3 12. axb3 Nh5 13. Bh2 Bc2 14. b4 Bh6 15.
b5 Nb8 16. Ne5 f6 17. Ng4 Bf4 18. g3 Bd6 19. Nd2 Ng7 20. Ne3 Be4 21. f3 Bf5 22.
Nxd5 Bxh3 23. Rfe1 Nd7 24. g4 f5 25. Bxd6 exd6 26. Kh2 fxg4 27. fxg4 Bxg4 28.
Bxg4 Rf2+ 29. Kg1 Rxd2 30. Bxd7 Rxb2 31. Nf6+ Kf7 32. Nxh7 Nf5 33. Ng5+ Kf6 34.
Ne4+ Ke7 35. Bxf5 gxf5 36. Ng3+ Kd7 37. Re2 Rxb5 38. c4 Rb4 39. Nxf5 Rxc4 40.
Re7+ Kc6 41. d5+ Kb6 42. Rxb7+ Kxb7 43. Nxd6+ Kb6 44. Nxc4+ Kc5 45. Ne3 a5 46.
Kf2 a4 47. Ra3 Kb4 48. Rd3 Kc5 49. Kf3 a3 50. Ke4 a2 51. Nc2 Re8+ 52. Kf4 Re2
53. Na1 Re1 54. Nb3+ Kc4 55. d6 Kxd3 56. d7 Rf1+ 57. Ke5 Re1+ 58. Kf6 Rf1+ 59.
Ke7 Re1+ 60. Kf6 Rf1+ 1/2-1/2

[Event "Bad Woerishofen op"]
[Site "Bad Woerishofen"]
[Date "2000.??.??"]
[Round "1"]
[White "Jakobi, Reik"]
[Black "Seifert, Dierk"]
[Result "1-0"]
[WhiteElo "1730"]
[BlackElo "2168"]
[PlyCount "43"]
[EventDate "1998.03.05"]
[Source "ChessBase"]
[SourceDate "1998.04.29"]

1. c4 f5 2. Nf3 Nf6 3. b3 e6 4. Bb2 Be7 5. g3 O-O 6. Bg2 d6 7. d4 a5 8. O-O Qe8
9. Nc3 Na6 10. Nd2 e5 11. dxe5 dxe5 12. e4 c6 13. exf5 Bxf5 14. Nce4 Nc5 15.
Qe2 Rd8 16. Bxe5 Ng4 17. Bc3 Nxe4 18. Nxe4 Bc5 19. Rae1 Qh5 20. h3 Bxe4 21.
hxg4 Rxf2 22. Rxf2 1-0

[Event "Bad Woerishofen op"]
[Site "?"]
[Date "2000.??.??"]
[Round "3"]
[White "Jakobi, Reik"]
[Black "Seifert, Volker"]
[Result "0-1"]
[WhiteElo "1730"]
[BlackElo "2108"]
[PlyCount "82"]
[EventDate "2000.??.??"]

1. c4 Nf6 2. g3 e6 3. Bg2 d5 4. b3 Be7 5. Bb2 O-O 6. Nf3 b6 7. O-O Bb7 8. d4
dxc4 9. bxc4 Na6 10. Nbd2 c5 11. e3 Rc8 12. Ne5 Bxg2 13. Kxg2 Qc7 14. Qa4 Qb7+
15. Ndf3 cxd4 16. exd4 Ne4 17. Rfd1 f6 18. Ng4 Ng5 19. d5 Nxf3 20. Kxf3 Nc5 21.
Qc2 exd5 22. cxd5 f5 23. Ne5 Ne4 24. Qb3 Bc5 25. Nd3 Rfd8 26. Nxc5 Rxc5 27.
Rac1 Qf7 28. Rxc5 Nxc5 29. Qc4 Qh5+ 30. g4 fxg4+ 31. Qxg4 Rf8+ 32. Kg3 Ne4+ 33.
Qxe4 Qxd1 34. Qe6+ Kh8 35. Qe4 Qg1+ 36. Qg2 Qxg2+ 37. Kxg2 Rd8 38. Kf3 Rxd5 39.
Ke3 Rh5 40. h4 Rxh4 41. f4 Rh2 0-1

[Event "Bad Woerishofen op"]
[Site "?"]
[Date "2000.??.??"]
[Round "5"]
[White "Jakobi, Reik"]
[Black "Koeck, Birgit"]
[Result "1-0"]
[WhiteElo "1730"]
[BlackElo "1056"]
[PlyCount "53"]
[EventDate "2000.??.??"]

1. c4 c6 2. d4 d6 3. Nf3 Bf5 4. g3 Nf6 5. Bg2 Nbd7 6. O-O b6 7. Nc3 Be4 8. Nxe4
Nxe4 9. Nd2 d5 10. Nxe4 dxe4 11. Bxe4 e5 12. e3 Qc7 13. f4 f6 14. fxe5 fxe5 15.
Qf3 Rc8 16. Qf7+ Kd8 17. Bd2 Nf6 18. Rxf6 gxf6 19. Qxf6+ Qe7 20. Qxh8 Qg7 21.
Qxh7 Qg4 22. Rf1 Ke8 23. Qf7+ Kd8 24. Qxf8+ Kc7 25. Rf7+ Kb8 26. Qd6+ Ka8 27.
Bxc6+ 1-0

[Event "Bad Woerishofen op"]
[Site "?"]
[Date "2000.??.??"]
[Round "7"]
[White "Jakobi, Reik"]
[Black "Probst, Joachim"]
[Result "0-1"]
[WhiteElo "1730"]
[BlackElo "1850"]
[PlyCount "82"]
[EventDate "2000.??.??"]

1. c4 e5 2. Nc3 Nf6 3. g3 Nc6 4. Bg2 Bb4 5. Nd5 Bc5 6. e3 O-O 7. Ne2 Re8 8. O-O
Nxd5 9. cxd5 Ne7 10. f4 d6 11. fxe5 dxe5 12. Nc3 Nf5 13. Qf3 Nh6 14. h3 f5 15.
d3 Rf8 16. Na4 Bd6 17. Qh5 Bd7 18. b3 b5 19. Nc3 Be8 20. Qf3 b4 21. Na4 Bb5 22.
Rd1 Bxd3 23. Rxd3 e4 24. Qh5 exd3 25. Kh2 Qe7 26. Qf3 Rae8 27. Nb2 Qe5 28. Rb1
Qc3 29. Nc4 Qc2 30. Ra1 Be5 31. Nxe5 Rxe5 32. Qf4 Rfe8 33. Qd4 Re4 34. Qxa7 d2
35. Bxd2 Qxd2 36. Qxc7 Nf7 37. a4 bxa3 38. Rxa3 Ng5 39. h4 Nf3+ 40. Kh3 Qf2 41.
d6 Rxh4+ 0-1

[Event "Bad Woerishofen op"]
[Site "?"]
[Date "2000.??.??"]
[Round "9"]
[White "Jakobi, Reik"]
[Black "Woelk, Peter"]
[Result "1/2-1/2"]
[WhiteElo "1730"]
[BlackElo "1549"]
[PlyCount "40"]
[EventDate "2000.??.??"]

1. c4 Nf6 2. b3 e6 3. g3 c6 4. Bg2 d5 5. Nf3 g6 6. Bb2 Bg7 7. O-O O-O 8. d4
Nbd7 9. Nbd2 Rb8 10. a4 a5 11. Rc1 b6 12. cxd5 cxd5 13. Qc2 Ba6 14. Rfe1 Rc8
15. Qb1 Rxc1 16. Qxc1 Qc8 17. e3 Qb8 18. Qa1 Rc8 19. Rc1 Rc7 20. Rxc7 Qxc7
1/2-1/2

[Event "Bad Woerishofen op"]
[Site "Bad Woerishofen"]
[Date "2000.??.??"]
[Round "2"]
[White "Juscamayta, Tupac"]
[Black "Meiser, Markus"]
[Result "0-1"]
[WhiteElo "1861"]
[BlackElo "2222"]
[PlyCount "49"]
[EventDate "1998.03.05"]
[Source "ChessBase"]
[SourceDate "1998.04.29"]

1. b4 Nf6 2. Bb2 e6 3. a3 b6 4. Nf3 Bb7 5. e3 c5 6. bxc5 bxc5 7. c4 Be7 8. Be2
O-O 9. O-O d6 10. Nc3 Nbd7 11. Qc2 Rb8 12. d3 Bc6 13. Nd2 Qa5 14. f4 Rb7 15.
Rae1 Rfb8 16. Bc1 Nb6 17. Bf3 Bxf3 18. Rxf3 d5 19. e4 d4 20. Nd1 Na4 21. e5 Nd7
22. g4 Rb6 23. Nf2 Rb2 24. Bxb2 Rxb2 25. Qxb2 0-1

[Event "Bad Woerishofen op"]
[Site "?"]
[Date "2000.??.??"]
[Round "5"]
[White "Juscamayta, Tupac"]
[Black "Willim, Michael"]
[Result "1/2-1/2"]
[WhiteElo "1861"]
[BlackElo "2124"]
[PlyCount "40"]
[EventDate "2000.??.??"]

1. b4 d5 2. e3 Nf6 3. Bb2 c6 4. Nf3 Bg4 5. c4 Nbd7 6. Be2 dxc4 7. Bxc4 e6 8. a3
Bd6 9. h3 Bh5 10. d4 a5 11. b5 cxb5 12. Bxb5 O-O 13. Nbd2 Qe7 14. Qb3 e5 15.
dxe5 Nxe5 16. Nd4 Bg6 17. O-O Nfd7 18. e4 Nc5 19. Qe3 Ned7 20. Rae1 Rac8
1/2-1/2

[Event "Bad Woerishofen op"]
[Site "Bad Woerishofen"]
[Date "2000.??.??"]
[Round "2"]
[White "Kalinitschew, Sergey"]
[Black "Rudolph, Peter"]
[Result "1/2-1/2"]
[WhiteElo "2504"]
[BlackElo "2201"]
[PlyCount "96"]
[EventDate "1998.03.05"]
[Source "ChessBase"]
[SourceDate "1998.04.29"]

1. d4 Nf6 2. Nf3 d5 3. c4 e6 4. Nc3 Be7 5. Bg5 O-O 6. e3 h6 7. Bh4 Ne4 8. Bxe7
Qxe7 9. Bd3 Nxc3 10. bxc3 b6 11. O-O Nd7 12. cxd5 exd5 13. a4 a6 14. Bc2 Bb7
15. Qd3 g6 16. Nd2 f5 17. c4 Nf6 18. Bb3 Kg7 19. Rfc1 c6 20. Nf3 Rac8 21. Ne5
Nd7 22. f4 Nxe5 23. dxe5 dxc4 24. Qxc4 Rcd8 25. Rd1 b5 26. Qc3 b4 27. Qc4 a5
28. h3 h5 29. Kh2 Kh6 30. Rac1 c5 31. Qxc5 Qxc5 32. Rxc5 Rxd1 33. Bxd1 Rd8 34.
Be2 Rd2 35. Bf1 Bd5 36. e4 fxe4 37. f5 gxf5 38. e6 Kg6 39. e7 Kf7 40. Rxd5 Rxd5
41. Bc4 Kxe7 42. Bxd5 Kd6 43. Bf7 Ke5 44. Kg3 f4+ 45. Kf2 h4 46. Ke2 Kd4 47.
Kd2 Ke5 48. Bb3 Kd4 1/2-1/2

[Event "Bad Woerishofen op"]
[Site "?"]
[Date "2000.??.??"]
[Round "3"]
[White "Kalinitschew, Sergey"]
[Black "Sailer, Wolfgang"]
[Result "1-0"]
[WhiteElo "2504"]
[BlackElo "2099"]
[PlyCount "55"]
[EventDate "2000.??.??"]

1. d4 f5 2. g3 Nf6 3. Bg2 g6 4. Nh3 Bg7 5. Nf4 O-O 6. h4 d6 7. d5 Qe8 8. h5 e5
9. dxe6 Nc6 10. hxg6 hxg6 11. Nc3 Bxe6 12. Ncd5 Bxd5 13. Nxd5 Ne4 14. Nxc7 Qc8
15. Nxa8 Nb4 16. Bxe4 fxe4 17. c3 Bxc3+ 18. bxc3 Qxc3+ 19. Kf1 Qxa1 20. Qb3+ d5
21. Qb2 Qxb2 22. Bxb2 Nxa2 23. Rh8+ Kf7 24. Rh7+ Ke6 25. Nc7+ Kf5 26. Nxd5 Rb8
27. Re7 a5 28. Re5+ 1-0

[Event "Bad Woerishofen op"]
[Site "?"]
[Date "2000.??.??"]
[Round "5"]
[White "Kalinitschew, Sergey"]
[Black "Lutzenberger, Reimund"]
[Result "1-0"]
[WhiteElo "2504"]
[BlackElo "2255"]
[PlyCount "85"]
[EventDate "2000.??.??"]

1. d4 Nf6 2. Nf3 g6 3. g3 Bg7 4. Bg2 d6 5. O-O O-O 6. Nc3 c5 7. h3 Nc6 8. d5
Nb4 9. e4 Rb8 10. Re1 b5 11. a3 Na6 12. e5 Ne8 13. Qe2 Nac7 14. b4 Bb7 15. Rd1
a5 16. bxc5 b4 17. axb4 axb4 18. c6 Ba6 19. Rxa6 Nxa6 20. Qxa6 bxc3 21. Bf4 Nc7
22. Qc4 Rb5 23. exd6 exd6 24. Ng5 Re8 25. Ne4 Be5 26. Bg5 f6 27. Be3 f5 28.
Nxc3 Rb2 29. Na4 Rb8 30. Bb6 Qe7 31. Ba5 Ra8 32. Bd2 Reb8 33. Re1 Qg7 34. Nc5
Ra1 35. Rxa1 Bxa1 36. Nb7 Qe7 37. Bf4 Ne8 38. h4 Bf6 39. Qb4 Be5 40. Qe1 Bf6
41. Qxe7 Bxe7 42. c4 Ra8 43. c5 1-0

[Event "Bad Woerishofen op"]
[Site "?"]
[Date "2000.??.??"]
[Round "7"]
[White "Kalinitschew, Sergey"]
[Black "Vatter, Hans-Joachim"]
[Result "1-0"]
[WhiteElo "2504"]
[BlackElo "2362"]
[PlyCount "95"]
[EventDate "2000.??.??"]

1. Nf3 c5 2. c4 Nc6 3. Nc3 g6 4. e3 Nf6 5. d4 Bg7 6. d5 Na5 7. e4 d6 8. h3 O-O
9. Bd3 e5 10. g4 a6 11. a4 Ne8 12. Rg1 Qb6 13. Ra3 f6 14. Kf1 Bd7 15. b3 Qd8
16. Bd2 b6 17. Ne2 Qc8 18. Ng3 Nb7 19. Nh4 Nd8 20. Nhf5 gxf5 21. gxf5 Nf7 22.
Be2 Ng5 23. Bg4 Nxe4 24. Nxe4 Bxf5 25. Qe2 Kh8 26. b4 Bd7 27. Bxd7 Qxd7 28.
Rag3 Ra7 29. Qh5 f5 30. Ng5 Nf6 31. Qd1 f4 32. R3g2 Qf5 33. Ne6 Qd3+ 34. Qe2
Qxh3 35. Ke1 Rg8 36. f3 Bh6 37. Rxg8+ Nxg8 38. a5 Rb7 39. Qg2 Qxg2 40. Rxg2 Nf6
41. axb6 Rxb6 42. bxc5 dxc5 43. Bc3 Rb3 44. Bxe5 Re3+ 45. Re2 Rxe5 46. Rxe5 Nd7
47. Re2 Bg7 48. Nxg7 1-0

[Event "Bad Woerishofen op"]
[Site "?"]
[Date "2000.??.??"]
[Round "9"]
[White "Kalinitschew, Sergey"]
[Black "Petrosjan, Suren"]
[Result "1-0"]
[WhiteElo "2504"]
[BlackElo "2366"]
[PlyCount "75"]
[EventDate "2000.??.??"]

1. d4 Nf6 2. Nf3 g6 3. c4 Bg7 4. Nc3 O-O 5. g3 c5 6. d5 d6 7. Bg2 e5 8. e4 Nbd7
9. O-O Nh5 10. Bd2 h6 11. a3 Nb6 12. Qe2 Bd7 13. b4 cxb4 14. axb4 Qc7 15. c5
dxc5 16. Rfc1 c4 17. Be3 f5 18. Bc5 fxe4 19. Nd2 Nf6 20. Bxf8 Bxf8 21. Ndxe4
Nxe4 22. Nxe4 Bxb4 23. Nf6+ Kf7 24. Nxd7 Qxd7 25. Qxe5 a5 26. Qe3 Qd6 27. Qxh6
Re8 28. Qh7+ Kf6 29. Qxb7 Re2 30. Qc6 Ke7 31. Bf3 Qxc6 32. dxc6 Rb2 33. Be4 g5
34. h4 gxh4 35. gxh4 a4 36. h5 a3 37. h6 Bd2 38. h7 1-0

[Event "Bad Woerishofen op"]
[Site "Bad Woerishofen"]
[Date "2000.??.??"]
[Round "1"]
[White "Karpatchev, Alexandre"]
[Black "Elstner, Herbert"]
[Result "1/2-1/2"]
[WhiteElo "2453"]
[BlackElo "2128"]
[PlyCount "96"]
[EventDate "1998.03.05"]
[Source "ChessBase"]
[SourceDate "1998.04.29"]

1. e4 c5 2. c3 d6 3. d4 Nf6 4. f3 Nbd7 5. Be3 b6 6. Bd3 g6 7. Qd2 Bg7 8. Ne2
O-O 9. g4 e5 10. d5 Qc7 11. c4 b5 12. cxb5 a6 13. Nbc3 c4 14. Bc2 Qa5 15. a4
Ne8 16. O-O Bb7 17. Ng3 Nc7 18. b6 Nxb6 19. Nb1 c3 20. Qxc3 Qxc3 21. Nxc3 Nc4
22. Bc1 Rfc8 23. b3 Nb6 24. Nge2 Ncxd5 25. exd5 e4 26. fxe4 Bxc3 27. Nxc3 Rxc3
28. Bd1 Re8 29. Bb2 Rcc8 30. Bf3 Nd7 31. Rac1 Nc5 32. Rc4 a5 33. Rfc1 Ba6 34.
Rxc5 Rxc5 35. Rxc5 dxc5 36. Bc3 Rb8 37. d6 Bc8 38. Bxa5 Rxb3 39. Be2 Bd7 40.
Bb5 Rxb5 41. axb5 Bxb5 42. g5 Kf8 43. Bb6 c4 44. Kf2 Ke8 45. Ke3 Kd7 46. Bc5 c3
47. Ba3 Ke6 48. Kd4 Bc6 1/2-1/2

[Event "Bad Woerishofen op"]
[Site "?"]
[Date "2000.??.??"]
[Round "3"]
[White "Karpatchev, Alexandre"]
[Black "Eisenbeis, Norman"]
[Result "1-0"]
[WhiteElo "2453"]
[BlackElo "2179"]
[PlyCount "49"]
[EventDate "2000.??.??"]

1. e4 c5 2. c3 Nf6 3. e5 Nd5 4. Nf3 Nc6 5. d4 cxd4 6. cxd4 d6 7. Bc4 Nb6 8. Bb3
e6 9. Qe2 dxe5 10. dxe5 Bb4+ 11. Bd2 Bxd2+ 12. Nbxd2 Nd4 13. Nxd4 Qxd4 14. O-O
O-O 15. Nf3 Qb4 16. Rfd1 Bd7 17. Rd4 Qb5 18. Qe3 Bc6 19. Rg4 Bxf3 20. gxf3 Rfd8
21. Qg5 g6 22. Rh4 Nd7 23. Rd1 Qxe5 24. Qe7 h5 25. Rhd4 1-0

[Event "Bad Woerishofen op"]
[Site "?"]
[Date "2000.??.??"]
[Round "5"]
[White "Karpatchev, Alexandre"]
[Black "Prestel, Oliver"]
[Result "1-0"]
[WhiteElo "2453"]
[BlackElo "2186"]
[PlyCount "58"]
[EventDate "2000.??.??"]

1. e4 c5 2. c3 Nf6 3. e5 Nd5 4. Nf3 e6 5. d4 cxd4 6. cxd4 b6 7. Nc3 Nxc3 8.
bxc3 Qc7 9. Bd2 Bb7 10. Bd3 d6 11. O-O Nd7 12. Ng5 dxe5 13. Qh5 g6 14. Qh3 Bg7
15. Rae1 a6 16. f4 e4 17. Bxe4 Bxe4 18. Rxe4 Nf6 19. Rxe6+ fxe6 20. Qxe6+ Kf8
21. Bc1 Bh6 22. Qxf6+ Kg8 23. f5 Bxg5 24. Bxg5 Rf8 25. Qe6+ Qf7 26. Bf6 gxf5
27. Qxf5 h5 28. Rf3 h4 29. Qg5+ Kh7 1-0

[Event "Bad Woerishofen op"]
[Site "?"]
[Date "2000.??.??"]
[Round "7"]
[White "Karpatchev, Alexandre"]
[Black "Koglin, Anke"]
[Result "0-1"]
[WhiteElo "2453"]
[BlackElo "2270"]
[PlyCount "82"]
[EventDate "2000.??.??"]

1. e4 c5 2. c3 d5 3. exd5 Qxd5 4. d4 Nf6 5. Nf3 Bg4 6. dxc5 Qxc5 7. Na3 a6 8.
Be3 Qc7 9. h3 Bh5 10. Qa4+ Nbd7 11. Be2 e6 12. Bf4 Qc8 13. O-O-O Be7 14. g4 Bg6
15. Ne5 b5 16. Qa5 Nxe5 17. Bxe5 O-O 18. Nc2 Nd5 19. Bd3 Bxd3 20. Rxd3 Qb7 21.
Rhd1 Rfc8 22. Kb1 Rc5 23. Bd4 Rc4 24. b4 Rac8 25. Kb2 h6 26. Ne3 Rxb4+ 27. cxb4
Bxb4 28. Qxb4 Nxb4 29. R3d2 Qe4 30. Bc3 Nc6 31. Ka1 a5 32. h4 b4 33. Bb2 Na7
34. g5 hxg5 35. hxg5 Nb5 36. Rg1 a4 37. g6 f6 38. Ng4 Nc3 39. Rd7 a3 40. Bxc3
bxc3 41. f3 c2 0-1

[Event "Bad Woerishofen op"]
[Site "?"]
[Date "2000.??.??"]
[Round "9"]
[White "Karpatchev, Alexandre"]
[Black "Deglmann, Ludwig"]
[Result "1-0"]
[WhiteElo "2453"]
[BlackElo "2332"]
[PlyCount "49"]
[EventDate "2000.??.??"]

1. e4 d6 2. d4 Nf6 3. Nc3 e5 4. Nf3 Nbd7 5. Bc4 Be7 6. O-O O-O 7. Re1 c6 8. a4
b6 9. h3 a6 10. Ba2 Rb8 11. Bg5 b5 12. axb5 axb5 13. Qd3 Qc7 14. Nh4 exd4 15.
Nf5 Ne5 16. Qxd4 Bxf5 17. exf5 b4 18. Ne4 Nxe4 19. Bxe7 Qxe7 20. Qxe4 Qf6 21.
Rad1 c5 22. Bb3 h6 23. f4 Nd7 24. Qc6 Qxf5 25. Rd5 1-0

[Event "Bad Woerishofen op"]
[Site "?"]
[Date "2000.??.??"]
[Round "2"]
[White "Keller, Manfred"]
[Black "Schellmann, Frank"]
[Result "1/2-1/2"]
[WhiteElo "2205"]
[BlackElo "1850"]
[PlyCount "48"]
[EventDate "2000.??.??"]

1. d4 Nf6 2. Nc3 d5 3. Bg5 Nbd7 4. f3 c5 5. e4 dxe4 6. d5 Qa5 7. Qd2 exf3 8.
Nxf3 h6 9. Be3 a6 10. Be2 b5 11. O-O Bb7 12. a3 Qc7 13. Bf4 Qb6 14. Rfe1 O-O-O
15. h3 g5 16. Bg3 Bg7 17. Bf1 Rhe8 18. Rad1 Nh5 19. Bf2 Qc7 20. Rxe7 Qd6 21.
Rxe8 Rxe8 22. Qd3 Nf4 23. Qf5 Qf6 24. Qxf6 Bxf6 1/2-1/2

[Event "Bad Woerishofen op"]
[Site "?"]
[Date "2000.??.??"]
[Round "4"]
[White "Keller, Manfred"]
[Black "Schmitzer, Peter"]
[Result "1/2-1/2"]
[WhiteElo "2205"]
[BlackElo "2097"]
[PlyCount "99"]
[EventDate "2000.??.??"]

1. g3 d5 2. Bg2 Nf6 3. f4 c5 4. Nf3 Nc6 5. O-O e6 6. d3 Be7 7. c3 O-O 8. Qc2 c4
9. Ne5 Nxe5 10. fxe5 Ng4 11. d4 Bg5 12. Rf3 f5 13. h3 Nh6 14. Bxg5 Qxg5 15. Qd2
Qe7 16. Na3 Bd7 17. Raf1 Nf7 18. Nc2 a5 19. R3f2 b5 20. a3 Rab8 21. Kh2 Bc6 22.
Bf3 Nh6 23. Bg2 g5 24. Kg1 Qg7 25. Kh2 Rf7 26. Kg1 Rbf8 27. e3 Kh8 28. Kh2 Qg6
29. Qe2 Be8 30. Ne1 Ng8 31. Kg1 h5 32. Nf3 Nh6 33. Nh2 Rg8 34. Kh1 f4 35. g4
hxg4 36. hxg4 Rh7 37. Kg1 fxe3 38. Qxe3 Bd7 39. Rf6 Qc2 40. Qf2 Qxf2+ 41. R1xf2
Kg7 42. Bf3 Rhh8 43. Bd1 Rf8 44. Bc2 Rxf6 45. Rxf6 Nf7 46. Nf3 Rh6 47. Rxh6
Kxh6 48. Kf2 Be8 49. Nd2 Nh8 50. Nf1 1/2-1/2

[Event "Bad Woerishofen op"]
[Site "?"]
[Date "2000.??.??"]
[Round "6"]
[White "Keller, Manfred"]
[Black "Sebastian, Dirk"]
[Result "1/2-1/2"]
[WhiteElo "2205"]
[BlackElo "2322"]
[PlyCount "148"]
[EventDate "2000.??.??"]

1. d4 g6 2. e4 d6 3. Nc3 Bg7 4. f4 Nf6 5. Nf3 c5 6. Bb5+ Bd7 7. e5 Ng4 8. Bxd7+
Qxd7 9. d5 dxe5 10. h3 e4 11. Nxe4 Nf6 12. Nxf6+ Bxf6 13. O-O O-O 14. c4 e6 15.
Ne5 Qd6 16. Be3 Na6 17. Qf3 exd5 18. cxd5 Nb4 19. Rad1 Nc2 20. Bf2 Nd4 21. Bxd4
cxd4 22. Rxd4 Bxe5 23. fxe5 Qxe5 24. Rf4 f5 25. g4 Rf6 26. Qc3 Re8 27. gxf5
gxf5 28. Qxe5 Rxe5 29. Rd1 Rd6 30. Rb4 b6 31. Rc4 Rexd5 32. Rc8+ Kf7 33. Rc7+
Kg6 34. Rxd5 Rxd5 35. Rxa7 Rd1+ 36. Kf2 Rd2+ 37. Kg3 Rxb2 38. a4 Rb3+ 39. Kg2
h5 40. a5 bxa5 41. Rxa5 Kg5 42. Rc5 Rb2+ 43. Kf3 Rb3+ 44. Kg2 Kf4 45. Rc4+ Ke3
46. Kg3 Rd3 47. Ra4 Rd8 48. Ra3+ Ke4 49. Ra4+ Ke5 50. Ra5+ Rd5 51. Ra8 Rd3+ 52.
Kg2 Kf6 53. Ra5 Kg5 54. Rb5 Ra3 55. Rc5 Ra2+ 56. Kf3 h4 57. Rc8 Ra3+ 58. Kg2
Kf4 59. Rc4+ Ke3 60. Rxh4 f4 61. Rh8 Ra2+ 62. Kg1 Ra1+ 63. Kh2 f3 64. Re8+ Kf2
65. Rb8 Ra2 66. Rb1 Re2 67. Ra1 Re8 68. Ra2+ Re2 69. Ra1 Re3 70. Rb1 Rd3 71.
Ra1 Rd2 72. Rb1 Ke3+ 73. Kg1 Kf4 74. Rb8 Kg3 1/2-1/2

[Event "Bad Woerishofen op"]
[Site "?"]
[Date "2000.??.??"]
[Round "8"]
[White "Keller, Manfred"]
[Black "Landau, Christian"]
[Result "1-0"]
[WhiteElo "2205"]
[BlackElo "2034"]
[PlyCount "43"]
[EventDate "2000.??.??"]

1. e4 c5 2. Nf3 d6 3. Bb5+ Bd7 4. Bxd7+ Qxd7 5. O-O Nc6 6. c3 Nf6 7. d4 Nxe4 8.
d5 Nd8 9. Re1 Nf6 10. Bg5 e5 11. Bxf6 gxf6 12. Nh4 Rg8 13. Qd3 h6 14. Nd2 Be7
15. Re3 f5 16. Nxf5 Bg5 17. Ne4 Rg6 18. Rf3 Kf8 19. h4 Bf4 20. h5 c4 21. hxg6
Qxf5 22. Qxc4 1-0

[Event "Bad Woerishofen op"]
[Site "Bad Woerishofen"]
[Date "2000.??.??"]
[Round "1"]
[White "Kjetsae, Johnny"]
[Black "Ter, Georg"]
[Result "1/2-1/2"]
[WhiteElo "2122"]
[BlackElo "1565"]
[PlyCount "78"]
[EventDate "1998.03.05"]
[Source "ChessBase"]
[SourceDate "1998.04.29"]

1. d4 Nf6 2. c4 e6 3. Nf3 b6 4. e3 Bb7 5. Bd3 c5 6. O-O Be7 7. Nc3 d5 8. cxd5
exd5 9. Bb5+ Nbd7 10. Ne5 a6 11. Bc6 Qc7 12. Bxb7 Qxb7 13. f4 O-O 14. Rf3 Rfe8
15. Rh3 Rad8 16. Qf3 b5 17. Ne2 c4 18. Ng3 Qc8 19. Nf5 Bf8 20. Bd2 b4 21. Rc1
Nb6 22. Ng3 a5 23. Be1 g6 24. f5 Bg7 25. a3 bxa3 26. bxa3 Qa8 27. Ne2 Nbd7 28.
fxg6 fxg6 29. Nf4 Nxe5 30. dxe5 Rxe5 31. Bc3 Ree8 32. Bxf6 Bxf6 33. Nxd5 Qxd5
34. Qxf6 Rf8 35. Qd4 Qxd4 36. exd4 Rxd4 37. Rhc3 Rff4 38. g3 Rfe4 39. Kf2 Kf7
1/2-1/2